|
|
|
|
| LEADER |
01109nam a2200253 a 4500 |
| 001 |
00023808 |
| 008 |
111116s2006 inu 000 0 eng d |
| 020 |
|
|
|a 142591778X
|
| 040 |
|
|
|a BD-DhAAL
|c BD-DhAAL
|
| 082 |
0 |
0 |
|a 248.4
|2 22
|
| 999 |
|
|
|c 11415
|d 11415
|
| 999 |
|
|
|c 11415
|
| 100 |
1 |
|
|a Brown, Pastor Wallace L.
|9 1652
|
| 245 |
1 |
0 |
|a Why are we here :
|b what is my purpose in life-- what is my goal in life/
|c Pastor Wallace L.Brown
|
| 246 |
2 |
|
|a Why am I here
|
| 260 |
|
|
|a Bloomington, IN :
|b AuthorHouse,
|c 2006.
|
| 300 |
|
|
|a xxii, 253 p. :
|b ill. ;
|c 23 cm.
|
| 541 |
1 |
|
|e 00023808
|
| 650 |
|
0 |
|a Christian life.
|9 1653
|
| 650 |
|
0 |
|a God
|x Attributes.
|9 1654
|
| 852 |
1 |
|
|a Ayesha Abed Library
|j General shelf
|
| 942 |
|
|
|2 ddc
|c BK
|
| 952 |
|
|
|0 0
|1 0
|2 ddc
|4 0
|6 248_400000000000000_BRO
|7 0
|9 18556
|a BRACUL
|b BRACUL
|c GEN
|d 2011-11-15
|e Karim International
|g 2340.00
|l 14
|m 56
|o 248.4 BRO
|p 3010023808
|r 2026-02-23
|s 2026-02-19
|t 1
|w 2011-11-16
|y BK
|
| 952 |
|
|
|0 0
|1 0
|2 ddc
|4 0
|6 248_400000000000000_BRO
|7 0
|9 18557
|a BRACUL
|b BRACUL
|c GEN
|d 2011-11-15
|e Karim International
|g 2340.00
|l 9
|m 59
|o 248.4 BRO
|p 3010023809
|r 2024-02-28
|s 2023-07-19
|t 2
|w 2011-11-16
|y BK
|